| 000 | 00687cam a2200157ua 4500 | ||
|---|---|---|---|
| 041 |
_aeng _h |
||
| 082 |
_a823.301 _bSAR/OR |
||
| 100 | _aSargunam, M J . | ||
| 110 | 1 |
_a . _b _c() |
|
| 245 |
_aOrient Longman`s new supplementary readers: Two goats and other stories / _cM J Sargunam. _hTextual Documents |
||
| 260 |
_aLondon : _bOrient-Longman Ltd , _c1960. |
||
| 300 | _a36 ; . | ||
| 504 | _a | ||
| 942 | _cBK | ||
| 999 |
_c3901 _d3901 |
||